Normal view
MARC view
- العالم الاسلامي- طور الانهيار
Entry Topical Term
001 - CONTROL NUMBER
- control field: 36220
003 - CONTROL NUMBER IDENTIFIER
- control field: JO-AjAnu
005 - DATE AND TIME OF LATEST TRANSACTION
- control field: 20230606080041.0
008 - FIXED-LENGTH DATA ELEMENTS
- fixed length control field: 230606|| aca||aabn | a|a d
040 ## - CATALOGING SOURCE
- Original cataloging agency: JO-AjAnu
- Transcribing agency: JO-AjAnu
150 ## - HEADING--TOPICAL TERM
- Topical term or geographic name entry element: العالم الاسلامي- طور الانهيار
670 ## - SOURCE DATA FOUND
- Source citation: Work cat.: (JO-AjAnu)18596: اسماعيل، محمود, author 36219, سوسيولوجيا الفكر الاسلامي طور الانهيار(1) : الخلفية السوسيو - تاريخية، الجزء الأول